000 00412nam a2200181Ia 4500
001 1125
005 20260306140608.0
008 260306t1998||||xx |||||||||||||| ||spa||
041 _aESP
082 _a184
_bP54
100 _aPieper, Josef
_eAUT
245 0 _aSobre los mitos platónicos
260 _c1998
300 _a88 páginas :
_c20 cm.
650 _aGEN
654 _aCHU
942 _cLIB
_dJUS
_fJUS
_2ddc
_n
999 _c1125
_d1125